[Event "2nd Easter 4NCL Congress"]
[Site "Daventry"]
[Date "2022.04.18"]
[Round "7"]
[Board "16"]
[White "Li, Ethan Bingxuan"]
[Black "Skettos, Nicolas"]
[Result "1-0"]
[WhiteElo "1851"]
[BlackElo "2067"]
[PlyCount "0"]
[EventDate "2022.04.15"]
[EventRounds "7"]
[EventCountry "ENG"]

1. e4 {[%clk 01:30:57]} {[%emt 00:00:02]} e6 {[%clk 01:28:30]} {[%emt
00:02:31]} 2. d4 {[%clk 01:31:18]} {[%emt 00:00:09]} d5 {[%clk 01:28:45]}
{[%emt 00:00:14]} 3. Nd2 {[%clk 01:31:42]} {[%emt 00:00:07]} c5 {[%clk
01:27:26]} {[%emt 00:01:50]} 4. exd5 {[%clk 01:31:49]} {[%emt 00:00:23]} Qxd5
{[%clk 01:27:45]} {[%emt 00:00:10]} 5. Ngf3 {[%clk 01:32:11]} {[%emt 00:00:07]}
cxd4 {[%clk 01:28:12]} {[%emt 00:00:03]} 6. Bc4 {[%clk 01:32:35]} {[%emt
00:00:07]} Qd6 {[%clk 01:28:39]} {[%emt 00:00:03]} 7. O-O {[%clk 01:32:58]}
{[%emt 00:00:07]} Nf6 {[%clk 01:29:02]} {[%emt 00:00:06]} 8. Nb3 {[%clk
01:33:21]} {[%emt 00:00:07]} Nc6 {[%clk 01:29:29]} {[%emt 00:00:04]} 9. Nbxd4
{[%clk 01:33:45]} {[%emt 00:00:06]} Nxd4 {[%clk 01:29:57]} {[%emt 00:00:03]} 10.
Qxd4 {[%clk 01:32:22]} {[%emt 00:01:53]} Qxd4 {[%clk 01:28:21]} {[%emt
00:02:05]} 11. Nxd4 {[%clk 01:31:53]} {[%emt 00:00:58]} a6 {[%clk 01:28:29]}
{[%emt 00:00:23]} 12. h3 {[%clk 01:31:38]} {[%emt 00:00:44]} b5 {[%clk
01:27:54]} {[%emt 00:01:06]} 13. Bb3 {[%clk 01:31:13]} {[%emt 00:00:55]} Bc5
{[%clk 01:27:26]} {[%emt 00:00:58]} 14. Be3 {[%clk 01:31:32]} {[%emt 00:00:11]}
O-O {[%clk 01:19:51]} {[%emt 00:08:05]} 15. a4 {[%clk 01:29:22]} {[%emt
00:02:40]} b4 {[%clk 01:17:44]} {[%emt 00:02:37]} 16. Nf5 {[%clk 01:27:51]}
{[%emt 00:02:01]} Ne4 {[%clk 01:12:25]} {[%emt 00:05:49]} 17. Bxc5 {[%clk
01:27:01]} {[%emt 00:01:20]} Nxc5 {[%clk 01:12:55]} {[%emt 00:00:01]} 18. Ne7+
{[%clk 01:27:21]} {[%emt 00:00:09]} Kh8 {[%clk 01:13:24]} {[%emt 00:00:01]} 19.
Nxc8 {[%clk 01:27:44]} {[%emt 00:00:07]} Nxb3 {[%clk 01:02:09]} {[%emt
00:11:45]} 20. cxb3 {[%clk 01:28:03]} {[%emt 00:00:12]} Raxc8 {[%clk 01:02:23]}
{[%emt 00:00:16]} 21. Rac1 {[%clk 01:28:27]} {[%emt 00:00:04]} g6 {[%clk
00:59:55]} {[%emt 00:02:59]} 22. Rc4 {[%clk 01:28:33]} {[%emt 00:00:25]} a5
{[%clk 00:59:59]} {[%emt 00:00:26]} 23. Rfc1 {[%clk 01:28:48]} {[%emt
00:00:15]} Rxc4 {[%clk 00:59:42]} {[%emt 00:00:47]} 24. bxc4 {[%clk 01:29:00]}
{[%emt 00:00:17]} Rc8 {[%clk 00:59:09]} {[%emt 00:01:04]} 25. b3 {[%clk
01:29:23]} {[%emt 00:00:07]} Kg7 {[%clk 00:57:04]} {[%emt 00:02:34]} 26. f4
{[%clk 01:27:12]} {[%emt 00:02:41]} Kf6 {[%clk 00:57:05]} {[%emt 00:00:29]} 27.
Kf2 {[%clk 01:27:37]} {[%emt 00:00:05]} Ke7 {[%clk 00:54:58]} {[%emt 00:02:37]}
28. Rd1 {[%clk 01:27:51]} {[%emt 00:00:16]} Rc5 {[%clk 00:53:27]} {[%emt
00:02:01]} 29. h4 {[%clk 01:25:57]} {[%emt 00:02:25]} h5 {[%clk 00:48:57]}
{[%emt 00:05:00]} 30. Ke3 {[%clk 01:25:17]} {[%emt 00:01:10]} f6 {[%clk
00:48:33]} {[%emt 00:00:53]} 31. Rd3 {[%clk 01:24:37]} {[%emt 00:01:10]} g5
{[%clk 00:45:35]} {[%emt 00:03:28]} 32. g3 {[%clk 01:23:20]} {[%emt 00:01:47]}
gxh4 {[%clk 00:45:14]} {[%emt 00:00:51]} 33. gxh4 {[%clk 01:23:45]} {[%emt
00:00:05]} Rc8 {[%clk 00:45:15]} {[%emt 00:00:30]} 34. Ke4 {[%clk 01:23:57]}
{[%emt 00:00:18]} Rc7 {[%clk 00:41:28]} {[%emt 00:04:17]} 35. Rg3 {[%clk
01:23:59]} {[%emt 00:00:28]} Kf7 {[%clk 00:41:41]} {[%emt 00:00:17]} 36. Kd4
{[%clk 01:24:23]} {[%emt 00:00:05]} Ke7 {[%clk 00:38:24]} {[%emt 00:03:47]} 37.
Rg7+ {[%clk 01:23:56]} {[%emt 00:00:58]} Kd6 {[%clk 00:38:28]} {[%emt
00:00:26]} 38. Rxc7 {[%clk 01:24:20]} {[%emt 00:00:05]} Kxc7 {[%clk 00:38:57]}
39. Kc5 {[%clk 01:24:43]} {[%emt 00:00:07]} Kd7 {[%clk 00:33:46]} {[%emt
00:05:42]} 40. Kb6 {[%clk 01:25:06]} {[%emt 00:00:08]} e5 {[%clk 00:33:46]}
{[%emt 00:00:29]} 41. fxe5 {[%clk 01:25:19]} {[%emt 00:00:17]} fxe5 {[%clk
00:34:10]} {[%emt 00:00:06]} 42. Kxa5 {[%clk 01:25:44]} {[%emt 00:00:04]}  1-0

[Event "2nd Easter 4NCL Congress"]
[Site "Daventry"]
[Date "2022.04.18"]
[Round "7"]
[Board "17"]
[White "Shenbagakumar, Gautham"]
[Black "Sullivan, Daniel Js"]
[Result "1-0"]
[WhiteElo "1842"]
[BlackElo "2061"]
[PlyCount "0"]
[EventDate "2022.04.15"]
[EventRounds "7"]
[EventCountry "ENG"]

1. e4 {[%clk 01:30:58]} {[%emt 00:00:02]} c5 {[%clk 01:30:55]} {[%emt
00:00:06]} 2. Nf3 {[%clk 01:31:23]} {[%emt 00:00:05]} Nc6 {[%clk 01:31:18]}
{[%emt 00:00:06]} 3. d4 {[%clk 01:31:50]} {[%emt 00:00:04]} cxd4 {[%clk
01:31:44]} {[%emt 00:00:04]} 4. Nxd4 {[%clk 01:32:15]} {[%emt 00:00:05]} e6
{[%clk 01:32:07]} {[%emt 00:00:07]} 5. Nc3 {[%clk 01:32:34]} {[%emt 00:00:11]}
Qc7 {[%clk 01:32:26]} {[%emt 00:00:10]} 6. Be3 {[%clk 01:32:40]} {[%emt
00:00:24]} a6 {[%clk 01:32:51]} {[%emt 00:00:06]} 7. Be2 {[%clk 01:32:28]}
{[%emt 00:00:41]} Nf6 {[%clk 01:33:14]} {[%emt 00:00:08]} 8. O-O {[%clk
01:32:48]} {[%emt 00:00:09]} Bb4 {[%clk 01:33:23]} {[%emt 00:00:21]} 9. Bf3
{[%clk 01:19:34]} {[%emt 00:13:44]} Ne5 {[%clk 01:30:03]} {[%emt 00:03:50]} 10.
Nde2 {[%clk 01:18:53]} {[%emt 00:01:12]} Nxf3+ {[%clk 01:27:27]} {[%emt
00:03:05]} 11. gxf3 {[%clk 01:19:17]} {[%emt 00:00:06]} Be7 {[%clk 01:23:32]}
{[%emt 00:04:25]} 12. a3 {[%clk 01:14:16]} {[%emt 00:05:32]} O-O {[%clk
01:20:01]} {[%emt 00:04:01]} 13. Ng3 {[%clk 01:12:19]} {[%emt 00:02:26]} b5
{[%clk 01:18:11]} {[%emt 00:02:20]} 14. Qe2 {[%clk 01:07:41]} {[%emt 00:05:06]}
Bb7 {[%clk 01:15:41]} {[%emt 00:03:02]} 15. Rad1 {[%clk 01:05:53]} {[%emt
00:02:18]} Rac8 {[%clk 01:14:31]} {[%emt 00:01:40]} 16. Bd4 {[%clk 00:55:04]}
{[%emt 00:11:20]} d6 {[%clk 01:10:16]} {[%emt 00:04:45]} 17. Rd2 {[%clk
00:54:32]} {[%emt 00:01:01]} Rfd8 {[%clk 01:07:30]} {[%emt 00:03:17]} 18. Rfd1
{[%clk 00:53:52]} {[%emt 00:01:09]} Nd7 {[%clk 01:02:07]} {[%emt 00:05:53]} 19.
f4 {[%clk 00:47:18]} {[%emt 00:07:03]} Nb6 {[%clk 00:59:52]} {[%emt 00:02:46]}
20. Bxb6 {[%clk 00:45:59]} {[%emt 00:01:50]} Qxb6 {[%clk 01:00:13]} {[%emt
00:00:08]} 21. Qe3 {[%clk 00:45:18]} {[%emt 00:01:09]} Qc6 {[%clk 00:55:19]}
{[%emt 00:05:25]} 22. f5 {[%clk 00:43:54]} {[%emt 00:01:54]} Bf6 {[%clk
00:50:02]} {[%emt 00:05:48]} 23. Nce2 {[%clk 00:35:41]} {[%emt 00:08:42]} d5
{[%clk 00:43:21]} {[%emt 00:07:12]} 24. Nd4 {[%clk 00:30:54]} {[%emt 00:05:17]}
Qd6 {[%clk 00:41:28]} {[%emt 00:02:24]} 25. f4 {[%clk 00:28:42]} {[%emt
00:02:41]} e5 {[%clk 00:36:06]} {[%emt 00:05:52]} 26. fxe5 {[%clk 00:26:32]}
{[%emt 00:02:41]} Bxe5 {[%clk 00:34:12]} {[%emt 00:02:24]} 27. Nde2 {[%clk
00:23:28]} {[%emt 00:03:34]} Qc5 {[%clk 00:30:43]} {[%emt 00:03:59]} 28. Qxc5
{[%clk 00:23:39]} {[%emt 00:00:19]} Rxc5 {[%clk 00:31:09]} {[%emt 00:00:04]} 29.
b4 {[%clk 00:21:46]} {[%emt 00:02:23]} Rc7 {[%clk 00:31:14]} {[%emt 00:00:26]}
30. Nh5 {[%clk 00:20:25]} {[%emt 00:01:50]} Rcd7 {[%clk 00:30:28]} {[%emt
00:01:17]} 31. Nhf4 {[%clk 00:19:18]} {[%emt 00:01:36]} d4 {[%clk 00:24:55]}
{[%emt 00:06:04]} 32. Nd3 {[%clk 00:19:35]} {[%emt 00:00:12]} Bf6 {[%clk
00:22:24]} {[%emt 00:03:01]} 33. Nc5 {[%clk 00:20:00]} {[%emt 00:00:05]} Rc7
{[%clk 00:20:48]} {[%emt 00:02:06]} 34. Nxd4 {[%clk 00:17:32]} {[%emt
00:02:59]} Re8 {[%clk 00:17:58]} {[%emt 00:03:20]} 35. Ne2 {[%clk 00:15:48]}
{[%emt 00:02:13]} g5 {[%clk 00:14:51]} {[%emt 00:03:37]} 36. Ng3 {[%clk
00:15:08]} {[%emt 00:01:10]} Be5 {[%clk 00:13:00]} {[%emt 00:02:22]} 37. Nh5
{[%clk 00:12:58]} {[%emt 00:02:40]} Bc8 {[%clk 00:11:56]} {[%emt 00:01:34]} 38.
Rd8 {[%clk 00:11:36]} {[%emt 00:01:51]} Kf8 {[%clk 00:08:14]} {[%emt 00:04:12]}
39. f6 {[%clk 00:11:09]} {[%emt 00:00:58]} Bxf6 {[%clk 00:06:07]} {[%emt
00:02:36]} 40. Rxe8+ {[%clk 00:10:09]} {[%emt 00:01:30]} Kxe8 {[%clk 00:06:31]}
{[%emt 00:00:07]} 41. Nxf6+ {[%clk 00:10:33]} {[%emt 00:00:06]}  1-0

[Event "2nd Easter 4NCL Congress"]
[Site "Daventry"]
[Date "2022.04.18"]
[Round "7"]
[Board "18"]
[White "Gregory, Keith Df"]
[Black "Sandhu, Manvith"]
[Result "1/2-1/2"]
[WhiteElo "2008"]
[BlackElo "1903"]
[PlyCount "0"]
[EventDate "2022.04.15"]
[EventRounds "7"]
[EventCountry "ENG"]

1. Nf3 {[%emt 00:00:09]} d5 {[%clk 01:30:53]} 2. g3 {[%clk 01:31:22]} {[%emt
00:00:05]} Nf6 {[%clk 01:31:02]} {[%emt 00:00:22]} 3. Bg2 {[%clk 01:31:48]}
{[%emt 00:00:04]} c6 {[%clk 01:31:12]} {[%emt 00:00:21]} 4. O-O {[%clk
01:32:03]} {[%emt 00:00:14]} Bf5 {[%clk 01:29:10]} {[%emt 00:02:32]} 5. b3
{[%clk 01:30:34]} {[%emt 00:02:00]} e6 {[%clk 01:29:21]} {[%emt 00:00:19]} 6.
Bb2 {[%clk 01:28:07]} {[%emt 00:02:56]} Be7 {[%clk 01:29:40]} {[%emt 00:00:11]}
7. d3 {[%clk 01:27:47]} {[%emt 00:00:50]} O-O {[%clk 01:29:18]} {[%emt
00:00:52]} 8. c4 {[%clk 01:27:46]} {[%emt 00:00:30]} Nbd7 {[%clk 01:27:31]}
{[%emt 00:02:18]} 9. Nbd2 {[%clk 01:27:29]} {[%emt 00:00:48]} Rc8 {[%clk
01:27:24]} {[%emt 00:00:37]} 10. Qc2 {[%clk 01:27:36]} {[%emt 00:00:22]} Qc7
{[%clk 01:26:55]} {[%emt 00:00:59]} 11. Rac1 {[%clk 01:26:29]} {[%emt
00:01:36]} Bg6 {[%clk 01:26:54]} {[%emt 00:00:32]} 12. Qb1 {[%clk 01:26:33]}
{[%emt 00:00:25]} Qb8 {[%clk 01:26:02]} {[%emt 00:01:22]} 13. Qa1 {[%clk
01:26:02]} {[%emt 00:01:02]}  1/2-1/2

[Event "2nd Easter 4NCL Congress"]
[Site "Daventry"]
[Date "2022.04.18"]
[Round "7"]
[Board "19"]
[White "Jaszkiwskyj, Peter"]
[Black "Gibson, Christopher A"]
[Result "1/2-1/2"]
[WhiteElo "1950"]
[BlackElo "1899"]
[PlyCount "0"]
[EventDate "2022.04.15"]
[EventRounds "7"]
[EventCountry "ENG"]

1. d4 {[%clk 01:30:20]} {[%emt 00:00:38]} Nf6 {[%clk 01:30:47]} {[%emt
00:00:15]} 2. c4 {[%clk 01:30:42]} {[%emt 00:00:08]} c5 {[%clk 01:31:10]}
{[%emt 00:00:07]} 3. d5 {[%clk 01:30:49]} {[%emt 00:00:23]} b5 {[%clk
01:31:34]} {[%emt 00:00:06]} 4. cxb5 {[%clk 01:30:54]} {[%emt 00:00:25]} a6
{[%clk 01:31:55]} {[%emt 00:00:10]} 5. bxa6 {[%clk 01:31:17]} {[%emt 00:00:06]}
Bxa6 {[%clk 01:32:18]} {[%emt 00:00:08]} 6. Nc3 {[%clk 01:31:35]} {[%emt
00:00:11]} g6 {[%clk 01:32:30]} {[%emt 00:00:17]} 7. Nf3 {[%clk 01:31:48]}
{[%emt 00:00:17]} d6 {[%clk 01:32:33]} {[%emt 00:00:27]} 8. e4 {[%clk
01:32:09]} {[%emt 00:00:09]} Bxf1 {[%clk 01:32:55]} {[%emt 00:00:09]} 9. Kxf1
{[%clk 01:32:31]} {[%emt 00:00:08]} Bg7 {[%clk 01:33:19]} {[%emt 00:00:06]} 10.
g3 {[%clk 01:32:47]} {[%emt 00:00:13]} O-O {[%clk 01:33:37]} {[%emt 00:00:13]}
11. Kg2 {[%clk 01:33:10]} {[%emt 00:00:06]} Qb6 {[%clk 01:33:47]} {[%emt
00:00:21]} 12. Re1 {[%clk 01:33:06]} {[%emt 00:00:33]} Na6 {[%clk 01:24:53]}
{[%emt 00:09:25]} 13. Re2 {[%clk 01:32:44]} {[%emt 00:00:51]} Ng4 {[%clk
01:22:06]} {[%emt 00:03:18]} 14. Bf4 {[%clk 01:29:24]} {[%emt 00:03:49]} Nc7
{[%clk 01:12:50]} {[%emt 00:09:47]} 15. h3 {[%clk 01:28:26]} {[%emt 00:01:24]}
 1/2-1/2

[Event "2nd Easter 4NCL Congress"]
[Site "Daventry"]
[Date "2022.04.18"]
[Round "7"]
[Board "20"]
[White "Gardiner, Eric D"]
[Black "Cox, Toby"]
[Result "0-1"]
[WhiteElo "2063"]
[BlackElo "2070"]
[PlyCount "0"]
[EventDate "2022.04.15"]
[EventRounds "7"]
[EventCountry "ENG"]

1. e4 {[%clk 01:30:55]} {[%emt 00:00:04]} e6 {[%clk 01:30:19]} {[%emt
00:00:40]} 2. d4 {[%clk 01:31:18]} {[%emt 00:00:09]} d5 {[%clk 01:30:19]}
{[%emt 00:00:30]} 3. exd5 {[%clk 01:31:38]} {[%emt 00:00:10]} exd5 {[%clk
01:30:38]} {[%emt 00:00:11]} 4. Nf3 {[%clk 01:32:02]} {[%emt 00:00:06]} Nf6
{[%clk 01:30:48]} {[%emt 00:00:20]} 5. Bd3 {[%clk 01:32:24]} {[%emt 00:00:08]}
Bd6 {[%clk 01:30:54]} {[%emt 00:00:23]} 6. Qe2+ {[%clk 01:32:45]} {[%emt
00:00:09]} Be6 {[%clk 01:30:29]} {[%emt 00:00:56]} 7. c4 {[%clk 01:32:58]}
{[%emt 00:00:17]} O-O {[%clk 01:20:40]} {[%emt 00:10:19]} 8. c5 {[%clk
01:32:51]} {[%emt 00:00:37]} Be7 {[%clk 01:21:01]} {[%emt 00:00:10]} 9. O-O
{[%clk 01:32:41]} {[%emt 00:00:38]} Nc6 {[%clk 01:19:43]} {[%emt 00:01:49]} 10.
Nc3 {[%clk 01:30:42]} {[%emt 00:02:28]} Bg4 {[%clk 01:14:12]} {[%emt 00:06:02]}
11. Be3 {[%clk 01:30:34]} {[%emt 00:00:37]} Re8 {[%clk 01:13:57]} {[%emt
00:00:46]} 12. Qd2 {[%clk 01:18:13]} {[%emt 00:12:51]} Qd7 {[%clk 01:01:08]}
{[%emt 00:13:20]} 13. Ne5 {[%clk 01:14:33]} {[%emt 00:04:08]} Nxe5 {[%clk
00:51:38]} {[%emt 00:10:01]} 14. dxe5 {[%clk 01:14:55]} {[%emt 00:00:09]} d4
{[%clk 00:51:56]} {[%emt 00:00:12]} 15. Bxd4 {[%clk 01:08:03]} {[%emt
00:07:21]} Nd5 {[%clk 00:51:59]} {[%emt 00:00:27]} 16. Be4 {[%clk 00:59:39]}
{[%emt 00:08:53]} Nxc3 {[%clk 00:50:20]} {[%emt 00:02:10]} 17. Qxc3 {[%clk
00:54:34]} {[%emt 00:05:35]} Rad8 {[%clk 00:49:58]} {[%emt 00:00:52]} 18. Be3
{[%clk 00:54:31]} {[%emt 00:00:32]} c6 {[%clk 00:49:43]} {[%emt 00:00:47]} 19.
Qc2 {[%clk 00:50:33]} {[%emt 00:04:27]} Qe6 {[%clk 00:38:12]} {[%emt 00:12:01]}
20. f4 {[%clk 00:46:50]} {[%emt 00:04:13]} g6 {[%clk 00:34:37]} {[%emt
00:04:06]} 21. h3 {[%clk 00:45:22]} {[%emt 00:01:56]} Bf5 {[%clk 00:34:59]}
{[%emt 00:00:07]} 22. Bxf5 {[%clk 00:39:44]} {[%emt 00:06:10]} gxf5 {[%clk
00:35:25]} {[%emt 00:00:05]} 23. Rad1 {[%clk 00:29:48]} {[%emt 00:10:25]} Rxd1
{[%clk 00:33:09]} {[%emt 00:02:47]} 24. Rxd1 {[%clk 00:30:09]} {[%emt
00:00:08]} Rd8 {[%clk 00:33:34]} {[%emt 00:00:05]} 25. Rxd8+ {[%clk 00:28:33]}
{[%emt 00:02:06]} Bxd8 {[%clk 00:33:58]} {[%emt 00:00:07]} 26. Qd3 {[%clk
00:28:25]} {[%emt 00:00:37]} Be7 {[%clk 00:34:10]} {[%emt 00:00:19]} 27. a3
{[%clk 00:25:11]} {[%emt 00:03:43]} Kg7 {[%clk 00:30:11]} {[%emt 00:04:29]} 28.
b4 {[%clk 00:24:11]} {[%emt 00:01:31]} a6 {[%clk 00:28:25]} {[%emt 00:02:17]}
29. Kh2 {[%clk 00:24:15]} {[%emt 00:00:24]} h5 {[%clk 00:28:16]} {[%emt
00:00:39]} 30. a4 {[%clk 00:20:00]} {[%emt 00:04:46]} Bh4 {[%clk 00:24:22]}
{[%emt 00:04:25]} 31. g3 {[%clk 00:14:45]} {[%emt 00:05:44]} Be7 {[%clk
00:21:56]} {[%emt 00:02:56]} 32. Kg2 {[%clk 00:09:09]} {[%emt 00:06:06]} Kf8
{[%clk 00:10:38]} {[%emt 00:11:47]} 33. Kf3 {[%clk 00:08:40]} {[%emt 00:00:59]}
Ke8 {[%clk 00:10:48]} {[%emt 00:00:20]} 34. Bd2 {[%clk 00:04:59]} {[%emt
00:04:12]} Qg6 {[%clk 00:10:25]} {[%emt 00:00:54]} 35. b5 {[%clk 00:03:46]}
{[%emt 00:01:42]} axb5 {[%clk 00:09:31]} {[%emt 00:01:24]} 36. axb5 {[%clk
00:04:09]} {[%emt 00:00:07]} h4 {[%clk 00:09:24]} {[%emt 00:00:37]} 37. bxc6
{[%clk 00:02:21]} {[%emt 00:02:17]} Qxg3+ {[%clk 00:03:57]} {[%emt 00:05:58]}
38. Ke2 {[%clk 00:02:47]} {[%emt 00:00:04]} Qg2+ {[%clk 00:04:00]} {[%emt
00:00:27]} 39. Kd1 {[%clk 00:03:01]} {[%emt 00:00:16]} Qh1+ {[%clk 00:04:17]}
{[%emt 00:00:13]} 40. Ke2 {[%clk 00:02:57]} {[%emt 00:00:34]} Qxc6 {[%clk
00:04:17]} {[%emt 00:00:30]} 41. Qxf5 {[%clk 00:03:09]} {[%emt 00:00:18]} Bxc5
{[%clk 00:03:36]} {[%emt 00:01:11]} 42. Qg4 {[%clk 00:02:58]} {[%emt 00:00:42]}
Qe4+ {[%clk 00:02:02]} {[%emt 00:02:04]} 43. Kd1 {[%clk 00:02:44]} {[%emt
00:00:43]} Qa4+ {[%clk 00:02:10]} {[%emt 00:00:22]} 44. Ke2 {[%clk 00:02:54]}
{[%emt 00:00:19]} Qc4+ {[%clk 00:02:30]} {[%emt 00:00:11]} 45. Kd1 {[%clk
00:03:02]} {[%emt 00:00:22]} Be7 {[%clk 00:01:36]} {[%emt 00:01:24]} 46. Qg8+
{[%clk 00:02:32]} {[%emt 00:00:59]} Kd7 {[%clk 00:01:49]} {[%emt 00:00:17]} 47.
Qg4+ {[%clk 00:02:47]} {[%emt 00:00:15]} Ke8 {[%clk 00:01:59]} {[%emt
00:00:21]} 48. Qg8+ {[%clk 00:03:09]} {[%emt 00:00:07]} Kd7 {[%clk 00:02:25]}
{[%emt 00:00:05]} 49. Qg4+ {[%clk 00:03:33]} {[%emt 00:00:06]} Kc7 {[%clk
00:01:47]} {[%emt 00:01:07]} 50. Qf3 {[%clk 00:03:29]} {[%emt 00:00:35]} Qc6
{[%clk 00:01:46]} {[%emt 00:00:31]} 51. Qb3 {[%clk 00:01:33]} {[%emt 00:02:26]}
Qe6 {[%clk 00:01:15]} {[%emt 00:01:01]} 52. Qc3+ {[%clk 00:01:23]} {[%emt
00:00:40]} Qc6 {[%clk 00:01:29]} {[%emt 00:00:15]} 53. Qb3 {[%clk 00:01:47]}
{[%emt 00:00:07]} Qe6 {[%clk 00:01:56]} {[%emt 00:00:04]} 54. Qc3+ {[%clk
00:02:12]} {[%emt 00:00:04]} Kd7 {[%clk 00:01:17]} {[%emt 00:01:07]} 55. Qd3+
{[%clk 00:02:13]} {[%emt 00:00:31]} Kc8 {[%clk 00:01:38]} {[%emt 00:00:08]} 56.
Bc3 {[%clk 00:02:08]} {[%emt 00:00:36]} Qb3+ {[%clk 00:01:33]} {[%emt
00:00:36]} 57. Ke2 {[%clk 00:01:50]} {[%emt 00:00:47]} b5 {[%clk 00:01:23]}
{[%emt 00:00:40]} 58. Qf5+ {[%clk 00:00:58]} {[%emt 00:01:22]} Qe6 {[%clk
00:01:27]} {[%emt 00:00:26]} 59. Qxe6+ {[%clk 00:00:45]} {[%emt 00:00:43]} fxe6
{[%clk 00:01:53]} {[%emt 00:00:05]} 60. Kd3 {[%clk 00:01:03]} {[%emt 00:00:12]}
Kd7 {[%clk 00:02:03]} {[%emt 00:00:19]} 61. Ke4 {[%clk 00:01:07]} {[%emt
00:00:26]} b4 {[%clk 00:01:48]} {[%emt 00:00:46]} 62. Bb2 {[%clk 00:01:27]}
{[%emt 00:00:09]} Kc6 {[%clk 00:01:43]} {[%emt 00:00:35]} 63. f5 {[%clk
00:00:47]} {[%emt 00:01:10]} exf5+ {[%clk 00:01:56]} {[%emt 00:00:17]} 64. Kxf5
{[%clk 00:01:13]} {[%emt 00:00:04]} Kd5 {[%clk 00:02:15]} {[%emt 00:00:11]} 65.
Kg6 {[%clk 00:00:58]} {[%emt 00:00:45]} Ke6 {[%clk 00:02:20]} {[%emt 00:00:25]}
66. Kg7 {[%clk 00:01:14]} {[%emt 00:00:13]} Bc5 {[%clk 00:02:37]} {[%emt
00:00:14]} 67. Kg6 {[%clk 00:01:28]} {[%emt 00:00:16]} Bf2 {[%clk 00:02:37]}
{[%emt 00:00:29]} 68. Kg5 {[%clk 00:01:09]} {[%emt 00:00:50]} Bg3 {[%clk
00:02:59]} {[%emt 00:00:08]} 69. Kg4 {[%clk 00:01:29]} {[%emt 00:00:10]} Bxe5
{[%clk 00:03:16]} {[%emt 00:00:14]} 70. Bc1 {[%clk 00:01:25]} {[%emt 00:00:34]}
Kd5 {[%clk 00:02:28]} {[%emt 00:01:18]} 71. Kxh4 {[%clk 00:00:47]} {[%emt
00:01:08]} Kc4 {[%clk 00:02:43]} {[%emt 00:00:14]} 72. Kg4 {[%clk 00:01:11]}
{[%emt 00:00:06]} Kd3 {[%clk 00:01:19]} {[%emt 00:01:54]} 73. Kf5 {[%clk
00:01:20]} {[%emt 00:00:21]} Bh8 {[%clk 00:00:44]} {[%emt 00:01:04]} 74. h4
{[%clk 00:01:10]} {[%emt 00:00:42]} Kc2 {[%clk 00:01:02]} {[%emt 00:00:12]}  0-1